| 000 | 00347nam a22001577a 4500 | ||
|---|---|---|---|
| 003 | SGT | ||
| 020 | _a9788194802846 | ||
| 082 |
_a610.73 _bN21C |
||
| 100 | _aCLEMENT, I. | ||
| 245 | _aTB. OF NURSING FOUNDATION | ||
| 250 | _a3RD | ||
| 260 |
_aINDIA _bJAYPEE PUB _c2021 |
||
| 300 | _a764 | ||
| 650 | _aNURSING FOUNDATION | ||
| 942 |
_2ddc _cBK _0281 |
||
| 999 |
_c21868 _d21868 |
||